LEADER 01165cam0 22003253 450 001 E600200040435 005 20240506083926.0 100 $a20081007d1974 |||||ita|0103 ba 101 $aita 102 $aIT 200 1 $aDell'Arte Poetica$fAristotele$gcur. Carlo Gallavotti 205 $a2.ed 210 $aMilano$cFond.ne L.Valla$cMondadori$d1974 215 $aXXVI, 282 p.$d20 cm 225 2 $aScrittori greci e latini 300 $aTesto orig. a fronte 410 1$1001LAEC00023055$12001 $a*Scrittori greci e latini 700 0$aAristoteles$3AF00011489$4070$04207 702 1$aGallavotti, Carlo$3AF00018008$4070 801 0$aIT$bUNISOB$c20240506$gRICA 850 $aUNISOB 852 $aUNISOB$j870|Coll|10|K$m17643 852 $aUNISOB$j870|Coll|10|K$m75964 912 $aE600200040435 940 $aM 102 Monografia moderna SBN 941 $aM 957 $a870|Coll|10|K$b000087$gSi$d17643$racquisto$1catenacci$2UNISOB$3UNISOB$420081007091940.0$520120507141826.0$6cutolo 957 $a870|Coll|10|K$b000039$gSI$d75964$racquisto$tN$1cutolo$2UNISOB$3UNISOB$420120507141831.0$520120507141915.0$6cutolo 996 $aPoetica$915100 997 $aUNISOB